Transport and trade (Record no. 54298)

MARC details
000 -LEADER
fixed length control field 00370nam a2200157Ia 4500
008 - FIXED-LENGTH DATA ELEMENTS--GENERAL INFORMATION
fixed length control field 230917s9999||||xx |||||||||||||| ||und||
020 ## - ISBN
Price POU7.5
040 ## - CATALOGING SOURCE
-- 7904
Original cataloging agency VIVEKANANDA LIBRARY
041 ## - Language
-- English
082 ## - DDC NUMBER
Classification number 380.5 B241T
100 ## - MAIN ENTRY--PERSONAL NAME
Personal name Barke, Michael
245 #0 - TITLE STATEMENT
Title Transport and trade
260 ## - PUBLICATION, DISTRIBUTION, ETC. (IMPRINT)
Place of publication, distribution, etc Edinburgh
Name of publisher, distributor, etc Oliver & Boyd
Date of publication, distribution, etc 1986
300 ## - PHYSICAL DESCRIPTION
Pages vi, 249 p.
942 ## - ADDED ENTRY ELEMENTS (KOHA)
Koha item type Books
Holdings
Withdrawn status Lost status Damaged status Not for loan Location (home branch) Sublocation or collection (holding branch) Date acquired Koha issues (times borrowed) Koha full call number Accession No. Koha date last seen Koha item type
        VIVEKANANDA LIBRARY VIVEKANANDA LIBRARY 08/08/2002   380.5 B241T 123852 17/09/2023 Books
© Designed and Maintained by Vivekananda Library, MDU Rohtak